[Event "CAN-ch U12"]
[Site "Windsor"]
[Date "2016.07.06"]
[Round "2.62"]
[White "Vadakken, Joel"]
[Black "Du, Robert"]
[Result "0-1"]
[WhiteElo "914"]
[BlackElo "1383"]
[PlyCount "48"]
[EventDate "2016.07.05"]
[EventType "swiss"]
[EventRounds "7"]
[EventCountry "CAN"]
[SourceTitle "EXT 2022"]
[Source "ChessBase"]
[SourceDate "2021.10.06"]
[SourceVersion "1"]
[SourceVersionDate "2021.10.06"]
[SourceQuality "1"]

1. e4 c5 2. Nf3 Nc6 3. Nc3 e6 4. Bc4 g6 5. d3 Bg7 6. Bd2 Nge7 7. Bg5 0-0 8. Bxe7 Nxe7 9. d4 cxd4 10. Nxd4 d5 11. exd5 exd5 12. Bb3 Be6 13. 0-0 Nc6 14. Ncb5 a6 15. Nxe6 fxe6 16. Na3 Bxb2 17. Rb1 Bxa3 18. c3 Bc5 19. Qg4 Qf6 20. Rbe1 Rae8 21. Rd1 Bxf2+ 22. Rxf2 Qxf2+ 23. Kh1 Qf1+ 24. Rxf1 Rxf1# 0-1